Semiconductor device fundamentals (Record no. 2343)

000 -LEADER
fixed length control field 00571nam a2200205 a 4500
001 - CONTROL NUMBER
control field 2343
003 - CONTROL NUMBER IDENTIFIER
control field BD-DhUET
008 - FIXED-LENGTH DATA ELEMENTS--GENERAL INFORMATION
fixed length control field 950419s1996 maua b 001 0 eng
020 ## - INTERNATIONAL STANDARD BOOK NUMBER
International Standard Book Number 9788177589771
040 ## - CATALOGING SOURCE
Original cataloging agency DLC
Transcribing agency DLC
Modifying agency BD-DhUET
082 00 - DEWEY DECIMAL CLASSIFICATION NUMBER
Classification number 623.815
Item number PIE/1996
100 1# - MAIN ENTRY--PERSONAL NAME
Personal name Pierret, Robert F.
245 10 - TITLE STATEMENT
Title Semiconductor device fundamentals
Statement of responsibility, etc. by Robert F. Pierret
250 ## - EDITION STATEMENT
Edition statement 1st ed.
260 ## - PUBLICATION, DISTRIBUTION, ETC. (IMPRINT)
Place of publication, distribution, etc. New York
Name of publisher, distributor, etc. Pearson Education
Date of publication, distribution, etc. 1996
300 ## - PHYSICAL DESCRIPTION
Extent xxiii, 792 p. :
Other physical details ill. ;
Dimensions 25 cm.
504 ## - BIBLIOGRAPHY, ETC. NOTE
Bibliography, etc Includes bibliographies
650 #0 - SUBJECT ADDED ENTRY--TOPICAL TERM
Topical term or geographic name as entry element Semiconductor devices
942 ## - ADDED ENTRY ELEMENTS (KOHA)
Koha item type General Book
Holdings
Sublocation or collection (holding branch) Date acquired Koha issues (times borrowed) Koha item type Koha normalized classification for sorting Koha date last seen Source of classification or shelving scheme Price effective from Damaged status Not for loan Location (home branch) Piece designation (barcode) Withdrawn status Shelving location Copy number Koha date last borrowed Koha full call number Lost status
Central Library, BUET2014-09-222General Book623_000000000000000_815PIE19962022-10-22 2014-09-22  Central Library, BUET111809 Circulation section12022-10-03623.815/PIE/1996 
Central Library, BUET2014-10-25 General Book623_000000000000000_815PIE19962014-10-25 2014-10-25  Central Library, BUET107675 Circulation section2 623.815/PIE/1996 
Central Library, BUET2014-10-25 General Book623_000000000000000_815PIE19962019-01-22 2014-10-25  Central Library, BUET107858 Circulation section3 623.815/PIE/1996